26 katas du Karaté Shotokan - Statistiques

Statistiques générales
  • Ce quiz a été pris 49 fois
  • Le résultat moyen est 12 sur 26
Statistiques - réponses
Hint Réponse % Correct
2ème dan Bassai Dai
87%
2ème dan Empi
83%
1er dan Heian Godan
77%
1er dan Heian Nidan
77%
1er dan Heian Shodan
77%
1er dan Heian Yodan
77%
1er dan Heian Sandan
73%
1er dan Tekki Shodan
67%
3ème dan Tekki Nidan
57%
4ème dan Tekki Sandan
53%
2ème dan Jion
50%
3ème dan Bassai Sho
47%
2ème dan Kanku Dai
47%
3ème dan Kanku Sho
43%
4ème dan Unsu
30%
5ème dan Gojushiho Sho
27%
3ème dan Gankaku
23%
2ème dan Hangetsu
23%
4ème dan Jiin
23%
3ème dan Jitte
23%
5ème dan Gojushiho Dai
20%
4ème dan Sochin
17%
5ème dan Chinte
13%
5ème dan Meikyo
13%
4ème dan Nijushiho
13%
5ème dan Wankan
10%
Aucun quiz correspondant
Distribution des résultats
% des personnes avec chaque résultat
Percentile par nombre de réponses
Votre historique - résultats
Vous n’avez pas pris ce quiz